000 01832nam0a2200373 4500
001 RU\NLR\bibl\1295385
005 20250615145449.0
021 _aRU
_b2008-71367
_94084
035 _a(nilc)RSL-KNO-004113295
035 _a(NLR Aleph) 001281016
090 _a499016
_c499016
100 _a20080930d2007 |||y0rusy50 ca
101 0 _arus
102 _aRU
105 _ay |||||||||
200 1 _aТруд как средство социализации детей с нарушениями в развитии
_e(из опыта работы)
_fЮ. А. Мичурина, Е. В. Заремба, М. А. Ермухаметова
_gМ-во образования и науки Рос. Федерации, ГОУ ВПО "Магнитогор. гос. ун-т"
210 _aМагнитогорск
_cМагнитогорский государственный университет
_d2007
215 _a56 с.
_d21
300 _aНа с. 9: разраб. к.п.н., доц. Мичурина Ю.А. и др.
606 1 _aДети с ограниченными возможностями здоровья
_xТрудовое воспитание
_92532266
_3RU\NLR\auth\661499847
606 1 _aДошкольная коррекционная (специальная) педагогика
_92557505
_3RU\NLR\AUTH\661513029
686 1 _aЧ430.135.1
686 1 _aЧ430.191
700 1 _aМичурина
_bЮ. А.
_gЮлия Анатольевна
_4070
701 1 _aЗаремба
_bЕ. В.
_gЕлена Васильевна
_4070
701 1 _aЕрмухаметова
_bМ. А.
_gМалика Адильбековна
_4070
801 0 _aRU
_bРКП
_c20080930
_grcr
801 1 _aRU
_bРГБ
_c20080930
801 2 _aRU
_bNLR
_c20081118
_grcr
942 _cBOOK
980 _aNB
980 _aNBR